书目信息 |
| 题名: |
计算机安全原理
|
|
| 作者: | 康克林 著 ;王昭 , 陈钟 译 | |
| 分册: | ||
| 出版信息: | 北京 高等教育出版社 2005.06 |
|
| 页数: | 651页 | |
| 开本: | 25cm | |
| 丛书名: | 国外优秀信息科学与技术系列教学用书 | |
| 单 册: | ||
| 中图分类: | TP309 | |
| 科图分类: | ||
| 主题词: | 电子计算机--dian zi ji suan ji--安全技术--高等学校--英文--教材 | |
| 电子资源: | ||
| ISBN: | 7-04-016775-1 | |
| 000 | 01409nam 2200289 450 | |
| 001 | 012007399063 | |
| 005 | 20080303150103.93 | |
| 010 | @a7-04-016775-1@dCNY49.50 | |
| 100 | @a20070726d2005 km y0chiy0120 ea | |
| 101 | 1 | @achi@ceng |
| 102 | @aCN@b110000 | |
| 105 | @ay z 000yy | |
| 200 | 1 | @a计算机安全原理@Aji suan ji an quan yuan li@d= Principles of computer security : security+ (TM) and beyond@f(美) Wm. Arthur Conklin ... [等] 著@F(mei)Wm.Arthur Conklin...[deng]zhu@g王昭, 陈钟译@Gwang zhao,chen zhong yi@zeng |
| 210 | @a北京@c高等教育出版社@d2005.06 | |
| 215 | @a651页@d25cm | |
| 225 | 2 | @a国外优秀信息科学与技术系列教学用书@Aguo wai you xiu xin xi ke xue yu ji shu xi lie jiao xue yong shu |
| 314 | @a责任者规范汉译姓: 康克林。 | |
| 330 | @a本书共包含24章,分别讲述了以下主题:计算机安全概论与趋势,一般的安全概念,运营、组织安全,人员在安全中的作用,标准和协议,物理安全对网络安全的影响,网络基础,基础结构安全,远程访问,无线通信与及时消息,安全基线,攻击和恶意代码。 | |
| 410 | 0 | @12001 @a国外优秀信息科学与技术系列教学用书 |
| 500 | 10 | @aPrinciples of computer security : security+ (TM) and beyond@mChinese |
| 606 | 0 | @a电子计算机@Adian zi ji suan ji@x安全技术@x高等学校@x英文@j教材 |
| 690 | @aTP309@v4 | |
| 701 | 1 | @a康克林@Akang ke lin@g(Conklin, W. A.)@4著 |
| 702 | 0 | @a王昭@Awang zhao@4译 |
| 702 | 0 | @a陈钟@Achen zhong@4译 |
| 801 | 0 | @aCN@c20080303 |
| 905 | @dTP309@eK253 | |
| 计算机安全原理= Principles of computer security : security+ (TM) and beyond/(美) Wm. Arthur Conklin ... [等] 著/王昭, 陈钟译.-北京:高等教育出版社,2005.06 |
| 651页;25cm.-(国外优秀信息科学与技术系列教学用书) |
| ISBN 7-04-016775-1:CNY49.50 |
| 本书共包含24章,分别讲述了以下主题:计算机安全概论与趋势,一般的安全概念,运营、组织安全,人员在安全中的作用,标准和协议,物理安全对网络安全的影响,网络基础,基础结构安全,远程访问,无线通信与及时消息,安全基线,攻击和恶意代码。 |
| ● |
| 相关链接 |
|
|
|
正题名:计算机安全原理
索取号:TP309/K253
 
预约/预借
| 序号 | 登录号 | 条形码 | 馆藏地/架位号 | 状态 | 备注 |
| 1 | 249953 | 202499536 | 自科库301/301自科库 46排3列4层/ [索取号:TP309/K253] | 在馆 | |
| 2 | 249954 | 202499545 | 自科库301/301自科库 46排3列4层/ [索取号:TP309/K253] | 在馆 | |
| 3 | 479422 | 204794222 | 期刊室512/ [索取号:TP309/K253] | 在馆 |